Practice guide 62A: rights to light or air (Record no. 121973)

MARC details
000 -LEADER
fixed length control field 00724nam a22001697a 4500
008 - FIXED-LENGTH DATA ELEMENTS--GENERAL INFORMATION
fixed length control field 240719t20240716xxu||||| ||||o00| 0 eng d
041 ## - LANGUAGE CODE
Language code of text/sound track or separate title eng
110 ## - MAIN ENTRY--CORPORATE NAME
Corporate author HM Land Registry
245 ## - TITLE STATEMENT
Title Practice guide 62A: rights to light or air
260 ## - PUBLICATION INFORMATION
Publisher HM Land Registry,
Date 15 July 2024
500 ## - GENERAL NOTE
General note HM Land Registry’s practice guides are aimed primarily at solicitors and other conveyancers. They often deal with complex matters and use legal terms
651 ## - SUBJECT ADDED ENTRY--GEOGRAPHIC NAME
Geographic name United Kingdom
690 ## - BROAD SUBJECT
Broad subject Rights of light
9 (RLIN) 6267
710 ## - ADDED CORPORATE NAME
Added corporate author HM Land Registry
856 ## - ONLINE RESOURCE
Uniform Resource Identifier <a href="https://www.gov.uk/government/publications/rights-to-light-or-air-pg62a/practice-guide-62a-rights-to-light-or-air">https://www.gov.uk/government/publications/rights-to-light-or-air-pg62a/practice-guide-62a-rights-to-light-or-air</a>
Public note Available from gov.uk
942 ## - ADDED ENTRY ELEMENTS (KOHA)
Suppress in OPAC Do not suppress in OPAC
Holdings
Lost status Damaged status Not for loan Home library Current library Shelving location Date acquired Total Checkouts Date last seen Price effective from Koha item type
      Virtual Virtual Online 18/07/2024   18/07/2024 18/07/2024 Online material